| 000 | 00553nam a2200169Ia 4500 | ||
|---|---|---|---|
| 008 | 090711s9999 xx 000 0 und d | ||
| 082 | _b16822 | ||
| 100 | _aआफळे गोविंद | ||
| 245 | _aबैल गेला नि झोपा केला | ||
| 260 | _c1965 | ||
| 300 | _a74 | ||
| 600 | _aआफळे गोविंद | ||
| 630 | _aबैल गेला नि झोपा केला | ||
| 700 | _aआफळे गोविंद | ||
| 730 | _aबैल गेला नि झोपा केला | ||
| 942 | _cBOOK | ||
| 999 |
_c304847 _d304847 |
||